| 000 | 00728cam a22001935a 4500 | ||
|---|---|---|---|
| 001 | L154426 | ||
| 008 | 110830e20112511xxk 000 0 eng d | ||
| 035 | _a(Sirsi) u154426 | ||
| 041 | 0 | _aeng | |
| 100 | 1 | _aFordham, Peter | |
| 245 | 0 | 0 |
_aCost update _bQ3 2011 |
| 260 | _c2011 | ||
| 490 |
_aBuilding _v276(8705) 25 November 2011, 50-52(3) |
||
| 520 | _aQuarterly analysis of construction costs and prices based on Davis Langdon's indices, looks at key changes; price adjustment formulae for construction contracts; materials, executive summary, key indicators; labour market statistics and wage agreements. | ||
| 590 | _aKA | ||
| 651 | 4 |
_aUnited Kingdom _y |
|
| 690 | _aBUILT ENVIRONMENT-CONSTRUCTION MARKET | ||
| 942 | _n0 | ||
| 999 |
_c83611 _d83611 |
||